Wszyscy Mistrzowie La Ligi - Statystyki

Ogólne statystyki
  • Ten quiz został rozwiązany 404 razy
  • Średni wynik to 7 z 9
Statystyki odpowiedzi
Tytuły Mistrzowskie Odpowiedź % Poprawnych
33 Real Madryt
100%
26 FC Barcelona
99%
10 Atletico Madryt
94%
1 Sevilla
82%
6 Valencia
81%
8 Athletic Bilbao
64%
1 Real Betis
59%
2 Real Sociedad
57%
1 Deportivo La Coruna
41%
Nie znaleziono quizów pasujących do podanych kryteriów
Rozkład punktacji
Procent ludzi z każdym wynikiem
Percentyl według liczby udzielonych odpowiedzi
Twoja historia wyników
Nie rozwiązałeś tego quizu